00611nam a2200205Ia 4500003000900000008004100009040001300050040001300063041000800076100003600084245002300120260002100143260000900164300000800173490001400181490000700195942000700202999001300209952018300222IT-RoPAU120407s9999 xx 000 0 und d aIT-RoPAU cIT-RoPAU aita aFjedor Michajlovic Dostojevskij aIl sogno dello zio aEdizioni Paoline c1977 c cm aFocolare  v65 cBK c199d199 00102ddc406208_14650000000000071aPAULUSbPAULUSd2012-04-11l0o208.1465r2012-04-11 00:00:00w2012-04-11yBKzInserito da: In data: n.d. fondo: Via A.Severo 56 Progr:14608